[Event "Floripa Chess Open 2024"]
[Site "Florianopolis"]
[Date "2024.01.20"]
[Round "1.158"]
[White "Espindola, Carlos Marcelo"]
[Black "Bastos Seixas, Pedro Lucas"]
[Result "0-1"]
[WhiteElo "1434"]
[BlackElo "2049"]
[PlyCount "48"]
[EventDate "2024.01.20"]
[EventRounds "10"]
[EventCountry "BRA"]

1. d4 d5 2. Nf3 Nf6 3. Bf4 c5 4. e3 Nc6 5. Nbd2 Bg4 6. c3 Qb6 ({RR} 6... Nh5 7.
dxc5 e5 8. Bg5 f6 9. Bh4 g5 10. h3 Be6 11. Nxg5 fxg5 12. Qxh5+ Bf7 13. Qxg5 Be7
14. Qg7 Rg8 15. Bxe7 Qxe7 16. Qxh7 O-O-O 17. O-O-O Qf6 18. Bd3 Ne7 19. Bb1 e4
20. Nxe4 dxe4 21. Qxe4 {Giri,A (2780)-Dubov,D (2710) chess24.com INT 2021 1-0 
(49)}) 7. Qb3 c4 8. Qxb6 ({RR} 8. Qc2 e6 9. e4 Be7 10. e5 Nh5 11. Be3 Bf5 12.
Qc1 f6 13. h3 fxe5 14. dxe5 Qc7 15. g4 Nxe5 16. Nxe5 Qxe5 17. Nf3 Qe4 18. Bg2
Nf4 19. O-O Nxg2 20. Nd2 Qd3 21. Kxg2 Bg6 22. Nf3 Be4 {Nathan,N (2220)-Bilan,D
(2303) chess.com INT 2023 0-1}) 8... axb6 9. h3 $146 ({RR} 9. a3 b5 10. Rc1 e6
11. Be2 Be7 12. Ne5 Bxe2 13. Kxe2 O-O 14. h3 Rfd8 15. g4 Nd7 16. Nxd7 Rxd7 17.
e4 Re8 18. e5 f6 19. Nf3 fxe5 20. Nxe5 Nxe5 21. Bxe5 Bf6 22. f4 Bxe5 23. fxe5
Rf7 {Ajay,K (2315)-Cherry,A (1942) chess.com INT 2020 1/2-1/2 (73)}) 9... Bf5
10. Be2 b5 11. O-O b4 12. Nh4 Bd7 13. Nhf3 e6 14. Ne5 b5 15. Nxd7 Kxd7 16. Nf3
bxc3 17. bxc3 Ne4 18. Rfc1 Ra3 19. Ng5 Nxc3 20. Rc2 f6 21. Nf3 Nb4 22. Rb2 Rxa2
23. Raxa2 Nbxa2 24. Kf1 Ba3 0-1

[Event "Floripa Chess Open 2024"]
[Site "Florianopolis"]
[Date "2024.01.20"]
[Round "1.159"]
[White "Lopes, Marcia Maria Dias"]
[Black "Marcolino, Antonio Claudio H."]
[Result "0-1"]
[WhiteElo "1297"]
[BlackElo "1925"]
[PlyCount "84"]
[EventDate "2024.01.20"]
[EventRounds "10"]
[EventCountry "BRA"]

1. d4 Nf6 2. Nf3 e6 3. Bf4 d5 4. e3 Bd6 5. Bg3 c5 6. c3 O-O 7. Bd3 ({RR} 7.
Nbd2 Qc7 8. Bd3 Nbd7 9. O-O e5 10. dxe5 Nxe5 11. Nxe5 {1/2-1/2 (11) Nisipeanu,
L (2656)-Movsesian,S (2647) Pardubice CZE 2021}) 7... Qc7 8. Bxd6 $146 ({RR} 8.
Nbd2) 8... Qxd6 9. h3 b6 10. O-O Ba6 11. Re1 Re8 12. Bc2 Nc6 13. Nbd2 Rad8 14.
e4 dxe4 15. Nxe4 Nxe4 16. Bxe4 cxd4 17. Bxc6 Qxc6 18. cxd4 Qb5 19. Qb3 Rd5 20.
Qxb5 Rxb5 21. b3 Rd8 22. Rad1 Bb7 23. Re3 Bxf3 24. Rxf3 Rbd5 25. Rc1 Rxd4 26.
Rc7 R4d7 27. Rxd7 Rxd7 28. Kf1 Rc7 29. a4 Kf8 30. Rd3 Ke7 31. f3 Rc2 32. Re3
Kf6 33. Rd3 Rb2 34. Rc3 g5 35. Kg1 h5 36. g4 h4 37. Re3 Rc2 38. Re4 e5 39. Rb4
Ke6 40. Re4 Kd5 41. Rc4 Rxc4 42. bxc4+ Kxc4 0-1

[Event "Floripa Chess Open 2024"]
[Site "Florianopolis"]
[Date "2024.01.20"]
[Round "1.160"]
[White "Marques, Melissa Da Costa"]
[Black "Medeiros, Thauane Ferreira"]
[Result "0-1"]
[WhiteElo "1111"]
[BlackElo "1842"]
[PlyCount "57"]
[EventDate "2024.01.20"]
[EventRounds "10"]
[EventCountry "BRA"]

1. e4 {Marin,M} e5 2. Nf3 Nc6 3. Bc4 Nf6 4. Ng5 d5 5. exd5 Na5 6. Bb5+ Bd7 7.
Bd3 ({RR} 7. Be2 Nxd5 8. d4 Be7 9. Nf3 exd4 ({RR} 9... e4 10. Ne5) 10. Qxd4 Nf6
({RR} 10... Nb4 11. Na3 O-O 12. O-O Nac6 13. Qf4 Be6 14. Bc4 Qd7) 11. O-O Nc6
12. Qc4 O-O 13. Rd1 ({RR} 13. Nc3 Be6 14. Qa4 Qd7 15. Bf4 Nb4) 13... Qe8 ({RR} 
13... Bd6 14. Nc3 Re8 15. Bg5 ({RR} 15. Nb5 Re4) 15... h6 16. Bh4 Qe7 17. Rd2
Be6) 14. Nc3 Be6 15. Qf4 Rc8 16. a3 a6 17. h3 Bd6 18. Qh4 Ne7 ({RR} 18... Qe7
19. Bg5) 19. Bd3 Bf5 ({RR} 19... Nf5 20. Bxf5 Bxf5 21. Re1 Qd8 22. Bg5) 20. Bg5
Bxd3 21. Rxd3 Ng6 {Mamedyarov,S (2757)-Naiditsch,A (2654) Dortmund 2007 CBM
119 [Marin,M] 1-0 (44)}) ({RR} 7. Qe2) ({RR} 7. Bxd7+) ({RR} 7. Be2 Nxd5 8. d4
Be7 9. Nf3 exd4 10. Nxd4 Nc6 11. Nf3 Be6 12. O-O O-O 13. Bd2 Bf6 14. Qc1 Re8
15. c4 Ndb4 16. Bc3 Bg4 17. Bd1 Nd3 18. Qd2 Bxf3 19. Bxf3 Bg5 20. Qc2 Ncb4 21.
Bxb4 Nxb4 {Fransson,L (1958)-Wahlstrom,L (2115) Gothenburg SWE 2022 1-0 (32)})
7... Nxd5 8. Qf3 Qxg5 $146 ({RR} 8... Nf6 9. Nc3 Be7 10. Nge4 a6 11. Nxf6+ Bxf6
12. Ne4 Be7 13. Nc3 Nc6 {0-1 (13) Stiri,A-Berzina,I Szeged 1994}) 9. Qxd5 Nc6
10. Bb5 O-O-O 11. Nc3 Be6 12. Qf3 Nd4 13. Qe4 Bf5 14. h4 Qf6 15. Bd3 Bxe4 16.
Nxe4 Qg6 17. Nc3 Qxg2 18. Rf1 Nf3+ 19. Ke2 Rxd3 20. cxd3 Nd4+ 21. Ke1 Nc2+ 22.
Ke2 Nd4+ 23. Ke1 Bb4 24. Ne2 Nf3+ 25. Kd1 Qxf1+ 26. Kc2 Qxe2 27. Kb3 a5 28. a3
Qxd3+ 29. Ka2 0-1

[Event "Floripa Chess Open 2024"]
[Site "Florianopolis"]
[Date "2024.01.20"]
[Round "1.161"]
[White "De Oliveira, Jairo Quintiliano"]
[Black "Leith Acosta, Marcelo Alejandro"]
[Result "1-0"]
[WhiteElo "1840"]
[BlackElo "1110"]
[PlyCount "41"]
[EventDate "2024.01.20"]
[EventRounds "10"]
[EventCountry "BRA"]

1. e4 c5 2. Nf3 Nc6 3. d4 cxd4 4. Nxd4 Nf6 5. Nc3 e6 6. Ndb5 Bb4 7. a3 Bxc3+ 8.
Nxc3 O-O 9. Bc4 ({RR} 9. Qd6 Ne8 10. Qg3 d5 11. exd5 exd5 12. Bd3 Be6 13. O-O
Qd7 14. Bg5 f5 15. Rad1 Qf7 16. Rfe1 Kh8 17. Ne2 Nf6 18. Bxf6 Qxf6 19. c3 Rad8
20. Nf4 Bf7 21. Bb5 {1/2-1/2 (21) Zeberski,J (2396)-Plat,V (2398) Ceska
Trebova 2008}) 9... Re8 $146 ({RR} 9... d5 10. exd5 exd5 11. Nxd5 Nxd5 12. Bxd5
Qa5+ 13. Kf1 Rd8 14. c4 Be6 15. Be3 Bxd5 16. cxd5 Rxd5 17. Qe2 Re8 18. g3 Rf5
19. Rd1 Qe5 20. Qd3 g6 21. Kg2 Qe6 22. Rhe1 Rh5 23. h4 Re5 24. Qc3 {Rummel,Z  
(2160)-Orso,J (2205) Hungary 2007 1-0 (47)}) ({RR} 9... d5 10. exd5 exd5 11.
Nxd5 Nxd5 12. Qxd5 Re8+ 13. Be3 Qxd5 14. Bxd5 Nd4 15. O-O-O Nf5 16. Bf4 h6 17.
Rhe1 Rxe1 18. Rxe1 Bd7 19. Bxb7 Re8 20. Rxe8+ Bxe8 21. b4 Nd4 22. Be3 Nb5 23.
Kb2 Bd7 24. c4 {Rodrigues,J (1834)-Bokhonok,T (1468) Sao Paulo 2022 1-0 (38)})
10. O-O a6 11. Bg5 b5 12. Bb3 Ne5 13. Qd4 Qc7 14. f4 Nc6 15. Qe3 Qd8 16. h3 e5
17. Nd5 exf4 18. Qxf4 Rxe4 19. Nxf6+ gxf6 20. Qxe4 fxg5 21. Rxf7 1-0

[Event "Floripa Chess Open 2024"]
[Site "Florianopolis"]
[Date "2024.01.20"]
[Round "1.162"]
[White "Lisboa, Maria Eduarda Mazza"]
[Black "Nunes, Agatha Hurba"]
[Result "0-1"]
[WhiteElo "1081"]
[BlackElo "1840"]
[PlyCount "100"]
[EventDate "2024.01.20"]
[EventRounds "10"]
[EventCountry "BRA"]

1. e4 e6 2. d3 d5 3. Nf3 Nf6 4. Nc3 Bb4 5. Bd2 O-O 6. Be2 Bxc3 7. Bxc3 dxe4 8.
Bxf6 Qxf6 9. dxe4 Qxb2 10. O-O Nc6 $146 ({RR} 10... Qf6 11. e5 Qe7 12. Re1 Nc6
13. Bb5 Bd7 14. Bxc6 Bxc6 15. Qe2 Bxf3 16. Qxf3 b6 17. Red1 Rfd8 18. Qe2 c5 19.
Rab1 Rd7 20. f3 Rad8 21. Rbc1 Rd5 22. Rb1 Qd7 23. Rdc1 Rd2 24. Qe1 h6 25. c3 {
Chen,Q-Luo,Y Changsha CHN 2019 0-1}) 11. Qc1 Qf6 12. Rd1 e5 13. h3 Qg6 14. Qg5
Qxg5 15. Nxg5 Nd4 16. Bc4 h6 17. Nxf7 Rxf7 18. Bxf7+ Kxf7 19. c3 Ne6 20. Rd2 b6
21. Rad1 Bb7 22. f3 Bc6 23. Kf2 a5 24. g3 Ke7 25. Ke3 Rf8 26. h4 Nc5 27. g4 g6
28. c4 Ba4 29. Rf1 Bc6 30. Rfd1 Ne6 31. Rf2 Nf4 32. Rfd2 Ba4 33. Rc1 Rf6 34. g5
hxg5 35. hxg5 Rc6 36. Rh2 Nh5 37. Rd2 Nf4 38. Rh2 Rc5 39. Rh7+ Kd6 40. Rf7 Kc6
41. Rc3 Kb7 42. Rxf4 exf4+ 43. Kxf4 Bb5 44. e5 Rxc4+ 45. Rxc4 Bxc4 46. Ke4 Bxa2
47. f4 Be6 48. Kd4 a4 49. Kc3 a3 50. Kd2 b5 0-1

[Event "Floripa Chess Open 2024"]
[Site "Florianopolis"]
[Date "2024.01.20"]
[Round "1.164"]
[White "Makowski, Silvia Cristina"]
[Black "Fraga, Heitor Carneiro"]
[Result "0-1"]
[WhiteElo "1054"]
[BlackElo "1839"]
[PlyCount "60"]
[EventDate "2024.01.20"]
[EventRounds "10"]
[EventCountry "BRA"]

1. e4 c5 2. Nf3 d6 3. c3 Nf6 4. Be2 g6 5. O-O Bg7 6. d3 O-O 7. h3 Nc6 8. Be3
Rb8 9. Qd2 Bd7 10. Bh6 b5 11. Bxg7 Kxg7 12. Qc2 $146 ({RR} 12. Na3 Qa5 13. Qe3
b4 14. Nc4 Qc7 15. d4 bxc3 16. bxc3 cxd4 17. cxd4 d5 18. Ncd2 dxe4 19. Nxe4
Nxe4 20. Qxe4 Bf5 21. Qe3 Rfd8 22. Rac1 Qd6 23. Rfd1 Nb4 24. Bc4 Rbc8 25. a3
Nc2 26. Qe2 Nxa3 {Kucik,R-Vojacek,Z Brno 1997 1/2-1/2}) 12... Qb6 13. b3 Rfc8
14. Nbd2 e5 15. Rac1 d5 16. exd5 Nxd5 17. Rfe1 f6 18. Bf1 Nf4 19. Ne4 Rd8 20.
Re3 Ne7 21. g4 Ned5 22. Ree1 h5 23. Nh2 hxg4 24. hxg4 Rh8 25. c4 Nb4 26. Qd2
Rh4 27. f3 Rbh8 28. Rcd1 Rxh2 29. Qxh2 Rxh2 30. Kxh2 Nc2 0-1

[Event "Floripa Chess Open 2024"]
[Site "Florianopolis"]
[Date "2024.01.20"]
[Round "1.165"]
[White "Moritz, Diego Homrich"]
[Black "De Lima, Ismael Do Prado Nog"]
[Result "1-0"]
[WhiteElo "1832"]
[BlackElo "1043"]
[PlyCount "63"]
[EventDate "2024.01.20"]
[EventRounds "10"]
[EventCountry "BRA"]

1. c4 e5 2. g3 Nf6 3. Bg2 Nc6 4. Nc3 Bc5 5. a3 a5 6. h3 ({RR} 6. e3 d6 7. Nge2
O-O 8. O-O h6 9. d4 Ba7 10. h3 Re8 11. Nb5 Bb8 12. Bd2 Ne7 13. c5 e4 14. cxd6
cxd6 15. b4 Nc6 {1/2-1/2 (15) Delchev,A (2560)-Polak,T (2503) Budapest 2000}) (
{RR} 6. e3 d6 7. Nge2 Ba7 8. b3 Bf5 9. Bb2 Qd7 10. O-O Bh3 11. f4 h5 12. Qe1
Bxg2 13. Kxg2 h4 14. gxh4 O-O-O 15. b4 Rh6 16. Nd5 Rdh8 17. Nxf6 gxf6 18. Kh1
Rxh4 19. Rf2 Nxb4 20. Rg2 Nd3 {Fernandez Vicente,C (2165)-Perez Mitjans,O  
(2477) Catalunya 2012 0-1}) 6... d6 7. e4 $146 ({RR} 7. d3 h6 8. Bd2 O-O 9. Nf3
Nh5 10. g4 Nf4 11. Bxf4 exf4 12. d4 Ba7 13. Qd2 f5 14. gxf5 Bxf5 15. O-O-O Ne7
16. h4 c6 17. Bh3 Bxh3 18. Rxh3 Qd7 19. Rhh1 b5 20. cxb5 cxb5 21. Qd3 b4 {
Magi,T (1929)-Mizik,Z (2092) Hungary 2011 0-1 (37)}) 7... Be6 8. d3 h6 9. Nge2
O-O 10. f4 exf4 11. Nxf4 Ne7 12. d4 Bb6 13. Qd3 c5 14. d5 Bd7 15. a4 Ne8 16. g4
Ng6 17. Qg3 Qh4 18. Qxh4 Nxh4 19. O-O Nxg2 20. Nxg2 g6 21. Bxh6 Ng7 22. Rf6 Bc7
23. Raf1 Rae8 24. Bf4 Rd8 25. Bxd6 Bxd6 26. Rxd6 Ne8 27. Rb6 Rb8 28. e5 Nc7 29.
b3 Rfe8 30. Rff6 Rf8 31. Nf4 Na6 32. Ne4 1-0

[Event "Floripa Chess Open 2024"]
[Site "Florianopolis"]
[Date "2024.01.20"]
[Round "1.166"]
[White "Biazon, Heloise De Oliveira"]
[Black "Viana, Daniel Fernandes"]
[Result "0-1"]
[WhiteElo "1030"]
[BlackElo "1830"]
[PlyCount "30"]
[EventDate "2024.01.20"]
[EventRounds "10"]
[EventCountry "BRA"]

1. d4 Nf6 2. c4 g6 3. Nc3 Bg7 4. Bf4 d6 5. Nf3 O-O 6. e3 Re8 ({RR} 6... b6 7.
Be2 Bb7 8. Qc2 a6 9. O-O c5 10. Rad1 Nbd7 11. d5 Ne8 12. e4 Nc7 13. a4 Re8 14.
Bg3 Qb8 15. h4 b5 16. axb5 axb5 17. cxb5 Qa7 18. h5 Qa5 19. Rfe1 Qb4 20. hxg6
hxg6 21. Bf1 {Sokolov,I (2653)-Nevednichy,V (2562) Plovdiv 2012 1-0 (31)}) 7.
Qc2 ({RR} 7. b4 Nbd7 8. c5 e5 9. dxe5 dxe5 10. Nxe5 Nxe5 11. Qxd8 Rxd8 12. Bxe5
c6 13. Be2 Be6 14. O-O Nd5 15. Nxd5 Bxe5 16. Nf4 Bxa1 17. Rxa1 Rd2 18. h3 Rad8
19. Nxe6 fxe6 20. Bf3 Rb2 21. a3 Rdd2 {Shanks,E-Gomez Marti,F (1540) Tornelo
INT 2021 0-1 (50)}) 7... Nc6 $146 ({RR} 7... Bf5 8. Bd3 Bg4 9. Nd2 a6 10. O-O
e5 11. Bg5 exd4 12. exd4 Nc6 13. Nde4 Qe7 14. f3 Bh5 15. g4 Bxg4 16. fxg4 {
1-0 (16) Valencia,J-Valencia,L Yumbo 2009}) 8. Bd3 e5 9. dxe5 dxe5 10. Bg5 Nb4
11. Qd2 Qxd3 12. O-O-O Qxc4 13. Bxf6 Bxf6 14. Kb1 Bf5+ 15. Kc1 Nxa2# 0-1

[Event "Floripa Chess Open 2024"]
[Site "Florianopolis"]
[Date "2024.01.20"]
[Round "1.168"]
[White "Fonseca, Guilherme"]
[Black "Rodriguez Farias, Eduardo"]
[Result "0-1"]
[WhiteElo "1820"]
[BlackElo "1829"]
[PlyCount "50"]
[EventDate "2024.01.20"]
[EventRounds "10"]
[EventCountry "BRA"]

1. c4 Nf6 2. Nc3 c5 3. Nf3 d5 4. cxd5 Nxd5 5. g3 Nc6 6. Bg2 Nc7 7. O-O e5 8. d3
Be7 9. Be3 O-O 10. Na4 b6 11. Nxe5 ({RR} 11. Rc1 Bd7 12. b4 e4 13. Nd2 Nxb4 14.
Nxe4 Nxa2 15. Ra1 Nb4 16. Nexc5 bxc5 17. Bxa8 Nxa8 18. Qc1 Bh3 19. Rd1 Qd5 20.
f3 Qe5 21. Kf2 Nd5 22. Bxc5 Bxc5+ 23. Qxc5 Rc8 24. f4 Qe6 25. Qd4 Nab6 {
Pena Gomez,M (2352)-Schneider,I (2468) Pardubice 2008 1/2-1/2 (34)}) 11... Nxe5
12. Bxa8 Nxa8 13. f3 ({RR} 13. f4 Ng4 {0-1 (13) Ozkan,M-Yazici,U (2195)
Adapazari TUR 2022}) 13... Bh3 $146 ({RR} 13... Nc6 14. Re1 Nc7 15. Nc3 Bf6 16.
Kg2 Re8 17. Bg1 Nd5 18. Qd2 Nxc3 19. bxc3 Qd5 20. e4 Qh5 21. g4 Bxg4 22. fxg4
Qxg4+ 23. Kf1 Qh3+ 24. Ke2 Qg4+ 25. Kf1 Qh3+ 26. Ke2 Ne5 27. Kd1 Nf3 28. Re3 {
Castanheira,A (2018)-Luyks,M (2096) Campo Grande 2001 0-1 (38)}) ({RR} 13...
Nc7 14. Nc3 Re8 15. Qa4 a6 16. Rad1 Bd7 17. Qb3 Nb5 18. Nxb5 Bxb5 19. Rfe1 Bf6
20. a4 Bd7 21. a5 Nc6 22. Bd2 b5 23. e3 Be6 24. Qc2 Qd5 25. Rc1 c4 26. dxc4
bxc4 27. e4 Bd4+ 28. Kg2 {Kudoke,W-Schichtel,H Bad Woerishofen 1992 0-1 (38)})
14. Rf2 h5 15. Nc3 Nc7 16. b3 Bf6 17. Rc1 Re8 18. Qd2 Bf5 19. Rff1 Nxd3 20.
exd3 Rxe3 21. Rfd1 Rxd3 22. Qe1 Qd4+ 23. Kg2 h4 24. Rxd3 h3+ 25. Kh1 Qxd3 0-1

[Event "Floripa Chess Open 2024"]
[Site "Florianopolis"]
[Date "2024.01.20"]
[Round "1.169"]
[White "Barbosa, Flavio Novais"]
[Black "Da Silva, Leonardo Douglas Si"]
[Result "1-0"]
[WhiteElo "1827"]
[BlackElo "1800"]
[PlyCount "129"]
[EventDate "2024.01.20"]
[EventRounds "10"]
[EventCountry "BRA"]

1. d4 {ChessBase} Nf6 2. c4 e6 3. Nf3 d5 4. g3 c6 5. Bg2 Be7 6. O-O O-O 7. Qc2
Nbd7 8. Rd1 dxc4 ({RR} 8... a5 9. Bf4 Nh5 ({RR} 9... a4) 10. Bd2 Nhf6 11. b3 b5
12. Be1 Ba6 13. Nbd2 bxc4 14. bxc4 Rc8 15. Nb3 Bb4 16. c5 Rb8 17. Bxb4 Rxb4 18.
Rdb1 Qc7 19. e3 Rfb8 20. a3 R4b7 21. Nbd2 e5 22. dxe5 Nxe5 23. Nxe5 {Portisch,
L (2585)-Kamsky,G (2645) Biel 1993 CBM 037 [ChessBase] 1/2-1/2 (49)}) 9. Qxc4
Nb6 10. Qc2 Nfd5 11. e4 $146 ({RR} 11. Nc3 Nb4 12. Qb3 a5 13. a4 N6d5 14. e4
Nxc3 15. bxc3 Na6 16. Ba3 Bxa3 17. Rxa3 Rb8 18. d5 exd5 19. exd5 cxd5 20. Rxd5
Qe7 21. Rxa5 Be6 22. Qb2 Rfd8 23. Nd4 Nc5 24. Qb4 b6 25. Rb5 Bd7 {Lohani,S  
(1756)-Kornyukov,A (2452) chess.com INT 2024 0-1}) 11... Nb4 12. Qe2 a5 13. Nc3
f5 14. a3 fxe4 15. Nxe4 N4d5 16. Ne5 Nd7 17. Nxd7 Bxd7 18. Nc5 Bxc5 19. dxc5
Qf6 20. h4 h6 21. Be3 Nxe3 22. Rxd7 Nxg2 23. Kxg2 Rf7 24. Rad1 Raf8 25. R1d2
Qf5 26. Qe3 Qg4 27. Rxf7 Rxf7 28. Rd8+ Kh7 29. Qd3+ Rf5 30. f3 Qg6 31. g4 h5
32. Kh3 hxg4+ 33. fxg4 Rf6 34. Qxg6+ Kxg6 35. Kg3 Rf7 36. Rd6 Kf6 37. Rd4 Ke5
38. Ra4 Rd7 39. Rxa5 Rd3+ 40. Kf2 Rb3 41. Ra8 Rxb2+ 42. Ke3 Rb3+ 43. Kf2 Kd5
44. Rg8 Kxc5 45. Rxg7 b5 46. h5 Rxa3 47. h6 Rh3 48. g5 b4 49. h7 b3 50. Rb7 Kd6
51. g6 b2 52. Kg2 Rh6 53. Kf3 Ke5 54. Rxb2 Kf6 55. Rb8 Kxg6 56. h8=Q Rxh8 57.
Rxh8 Kf5 58. Rc8 Ke5 59. Rxc6 Kd5 60. Rc1 Kd4 61. Rd1+ Ke5 62. Ke3 Kf5 63. Ra1
Ke5 64. Ra5+ Kf6 65. Ke4 1-0

[Event "Floripa Chess Open 2024"]
[Site "Florianopolis"]
[Date "2024.01.20"]
[Round "1.171"]
[White "Ribeiro, Regina"]
[Black "Assis, Caio Bentivenha"]
[Result "1/2-1/2"]
[WhiteElo "1822"]
[BlackElo "1800"]
[PlyCount "32"]
[EventDate "2024.01.20"]
[EventRounds "10"]
[EventCountry "BRA"]

1. Nf3 Nf6 2. b3 g6 3. Bb2 Bg7 4. g4 O-O ({RR} 4... d5 5. g5 Nh5 6. Qc1 c5 7.
e3 Nc6 8. Bb5 Qd6 9. Bxg7 Nxg7 10. Qb2 O-O 11. Bxc6 Qxc6 12. Ne5 Qd6 13. d4
cxd4 14. Qxd4 Ne6 15. Qb2 Nxg5 16. Nd2 Qf6 17. f4 Nh3 18. Ndf3 Bf5 19. O-O-O {
Foerster-Yialamas,L (2129)-Ambartsumova,K (2399) chess.com INT 2023 0-1 (93)})
5. h3 ({RR} 5. g5 Nh5 6. Bxg7 Kxg7 7. c4 d6 8. Nc3 Nc6 9. e3 e5 10. Be2 f5 11.
gxf6+ Qxf6 12. Rg1 Bf5 13. d3 Kh8 14. Qd2 Ng7 15. Nd5 Qf7 16. Ng5 Qd7 17. O-O-O
a5 18. f4 Be6 19. h4 Bxd5 {Naroditsky,D (2621)-Xiong,J (2709) chess.com INT
2020 1-0 (33)}) 5... d6 6. d4 $146 ({RR} 6. c4 e5 7. Nc3 e4 8. Nh2 Re8 9. Bg2
c6 10. O-O d5 11. d3 h5 12. cxd5 hxg4 13. hxg4 e3 14. Qc2 Nxg4 15. Nxg4 Bxg4
16. Ne4 Rxe4 17. dxe4 Qg5 18. f4 Qh4 19. Bxg7 Qg3 20. Rf3 Bxf3 {Bacallao
Alonso,Y (2438)-Diaz Ordonez,C (2347) Santiago de Cuba 2009 0-1 (44)}) 6...
Nbd7 7. Nbd2 Re8 8. Nc4 b5 9. Na3 a6 10. Bg2 Bb7 11. O-O e5 12. dxe5 dxe5 13.
c4 b4 14. Nc2 e4 15. Nfe1 a5 16. Ne3 Nc5 1/2-1/2

[Event "Floripa Chess Open 2024"]
[Site "Florianopolis"]
[Date "2024.01.20"]
[Round "1.172"]
[White "Barbetta Silva, Maria Eduarda"]
[Black "Rodrigues, Nei Jorge"]
[Result "0-1"]
[WhiteElo "1800"]
[BlackElo "1822"]
[PlyCount "114"]
[EventDate "2024.01.20"]
[EventRounds "10"]
[EventCountry "BRA"]

1. d4 Nf6 2. Nf3 e6 3. e3 b6 4. c4 Bb7 5. Nc3 Bb4 6. Bd2 O-O 7. Be2 c5 8. O-O
d6 9. Qc2 ({RR} 9. a3 Bxc3 10. Bxc3 Ne4 11. Rc1 Nd7 12. dxc5 Nxc3 13. Rxc3 Nxc5
14. Nd2 Qe7 15. b4 Ne4 16. Nxe4 Bxe4 17. Bf3 Bxf3 18. Qxf3 Rac8 19. Rd1 h6 20.
Rcd3 Rfd8 21. Rd4 e5 22. Re4 Qe6 23. Rd5 f5 {Agasiyev,K (2441)-Brodsky,D (2492)
chess.com INT 2023 1-0 (59)}) 9... Qe7 $146 ({RR} 9... Bxc3 10. Bxc3 Ne4 11.
Rfd1 Nxc3 12. Qxc3 Qf6 13. Rac1 Qe7 14. Rd2 Nd7 {1/2-1/2 (14) Schomaker,G  
(1756)-Miemietz,C (1754) Muenster 2005}) ({RR} 9... Bxc3 10. Bxc3 Nbd7 11. Rfd1
Qe7 12. a3 Ne4 13. Nd2 f5 14. f3 Nxc3 15. Qxc3 d5 16. f4 Nf6 17. Rac1 Rac8 18.
Bf3 Rfd8 19. Nb3 dxc4 20. Bxb7 Qxb7 21. Qxc4 Nd5 22. dxc5 Qe7 23. Qd4 bxc5 24.
Qe5 {Exposito Cruz,D-Rodriguez Redondo,E (1447) Tenerife 2013 1/2-1/2 (50)})
10. e4 cxd4 11. Nxd4 Bxc3 12. Bxc3 Bxe4 13. Bd3 Qb7 14. Rfe1 Bg6 15. Nf3 e5 16.
Bxg6 hxg6 17. h3 Nc6 18. Rad1 Rad8 19. b4 a5 20. a3 Qa7 21. b5 Ne7 22. Bb2 Qc7
23. Qe2 Nd7 24. Ng5 Nc5 25. Qg4 Nf5 26. h4 Qe7 27. Bc1 Nb3 28. Be3 Nc5 29. h5
Nh6 30. Qf3 e4 31. Qg3 Nf5 32. Qg4 Nh6 33. Qe2 f6 34. Bxc5 dxc5 35. Rxd8 Rxd8
36. Nxe4 gxh5 37. Qf1 Qf7 38. Nc3 Nf5 39. Nd5 Rd6 40. Qd3 g6 41. Ne7+ Qxe7 42.
Rxe7 Rxd3 43. Rb7 Rd6 44. Rb8+ Kf7 45. Rb7+ Ke6 46. Rb8 Ke5 47. g3 Kd4 48. Rg8
g5 49. Rh8 Kxc4 50. Rxh5 Kxb5 51. g4 Nd4 52. Rh3 c4 53. Re3 Ka4 54. Rh3 c3 55.
Re3 b5 56. Rh3 b4 57. axb4 axb4 0-1

[Event "Floripa Chess Open 2024"]
[Site "Florianopolis"]
[Date "2024.01.20"]
[Round "1.173"]
[White "Ulrich, Henning"]
[Black "Bida, Jose Mateus"]
[Result "1-0"]
[WhiteElo "1822"]
[BlackElo "1800"]
[PlyCount "55"]
[EventDate "2024.01.20"]
[EventRounds "10"]
[EventCountry "BRA"]

1. e4 e6 2. d4 d5 3. Nc3 Nf6 4. Bd3 Be7 5. Nf3 O-O 6. O-O dxe4 7. Nxe4 Nbd7 8.
Qe2 c5 ({RR} 8... Nxe4 9. Qxe4 Nf6 10. Qh4 Re8 11. Ne5 c5 12. dxc5 Qd5 13. Re1
Qxc5 14. Bg5 Qb4 15. c4 Qxb2 16. Rab1 Qxa2 17. Ng4 Qa5 18. Nxf6+ Bxf6 19. Bxf6
gxf6 20. Re3 Kf8 21. Qxf6 Qd8 22. Qh6+ Ke7 23. Qg5+ {Kveinys,A (2517)
-Mickevicius,J (2333) Lithuania 2007 1-0 (33)}) 9. c3 b6 ({RR} 9... cxd4 10.
Nxd4 Nxe4 11. Bxe4 Nf6 12. Bf3 a6 13. Rd1 Qc7 14. g3 e5 15. Nc2 Bf5 16. Ne3 Be6
17. Nd5 Nxd5 18. Bxd5 Bxd5 19. Rxd5 Bf6 20. Be3 Rad8 21. Rad1 Rxd5 22. Rxd5 Rd8
23. Qd3 Rxd5 24. Qxd5 {Walkusz,W (2023)-Zerebiec,M (1925) Polanica Zdroj POL
2023 1/2-1/2 (50)}) 10. Bf4 $146 ({RR} 10. Bd2 Bb7 11. Ng3 cxd4 12. cxd4 Rc8
13. Rad1 Bd5 14. a3 Bd6 15. Ne5 Qc7 16. Rfe1 Bb3 17. Rc1 Qb8 18. Nxd7 Nxd7 19.
Bxh7+ Kxh7 20. Qd3+ Kg8 21. Qxb3 Nf6 22. Bb4 Bf4 23. Rcd1 Rfe8 24. Nf1 Qc7 {
Nguyen Phu Ngoc,T-Nguyen Thi Le,T Dong Thap 2000 1-0 (51)}) ({RR} 10. Bd2 Bb7
11. Ng3 cxd4 12. cxd4 Nd5 13. Ne5 N7f6 14. f4 Nb4 15. Be3 Nxd3 16. Qxd3 Qd5 17.
Qe2 Rfd8 18. f5 Bd6 19. fxe6 fxe6 20. Nf3 Bxg3 21. hxg3 Qh5 22. Bg5 Bd5 23.
Bxf6 gxf6 24. Qe3 Kg7 {Nguyen Phu Ngoc,T-Nguyen Thi Le,T Ha Tinh 2000 1/2-1/2 
(40)}) 10... Bb7 11. Rad1 Nh5 12. Bc1 Ndf6 13. dxc5 bxc5 14. c4 Nxe4 15. Bxe4
Nf4 16. Bxf4 Qb6 17. Bxb7 Qxb7 18. b3 Rfe8 19. Rfe1 h6 20. h3 g5 21. Bc1 Bf8
22. Bb2 f5 23. Qe5 Bg7 24. Qxg7+ Qxg7 25. Bxg7 Kxg7 26. Rd7+ Kf6 27. Ne5 Rf8
28. Rc7 1-0

[Event "Floripa Chess Open 2024"]
[Site "Florianopolis"]
[Date "2024.01.20"]
[Round "1.174"]
[White "Da Rosa, Pauline Cardoso"]
[Black "Marques Junior, Marcos Antonio"]
[Result "0-1"]
[WhiteElo "1800"]
[BlackElo "1818"]
[PlyCount "82"]
[EventDate "2024.01.20"]
[EventRounds "10"]
[EventCountry "BRA"]

1. e4 c5 2. Nf3 e6 3. d4 cxd4 4. Nxd4 Nc6 5. Nxc6 bxc6 6. Nc3 Nf6 7. Bg5 Be7 8.
Bd3 O-O ({RR} 8... Nxe4 9. Bxe7 Nxc3 10. Bxd8 Nxd1 11. Rxd1 Kxd8 12. O-O Rb8
13. b3 Ke7 14. Rfe1 d5 15. Re5 f6 16. Rh5 h6 17. Re1 e5 18. Bg6 Be6 19. g3 Bf7
20. Bxf7 Kxf7 21. f4 exf4 22. gxf4 Rb4 23. f5 {Masnuba,T-Jannatul,F (1617)
Dhaka 2017 0-1 (52)}) 9. O-O d5 10. exd5 cxd5 11. Re1 $146 ({RR} 11. Ne2 Re8
12. Bxf6 Bxf6 13. c3 Qd6 14. Qc2 h6 15. Kh1 e5 16. Rad1 e4 17. Bxe4 Bb7 18. Bf3
Rad8 19. c4 Qe5 20. Nc3 Re7 21. cxd5 Ba6 22. Rg1 Bc4 23. Ne4 Bb5 24. Rge1 Kh8
25. Qc5 a6 {Kuziola,J-Sanetra,S Krynica 1998 1/2-1/2 (34)}) ({RR} 11. Qf3 h6
12. Bxf6 Bxf6 13. h3 Bb7 14. Qd1 e5 15. Qg4 e4 16. Be2 Re8 17. Bb5 Re7 18. Rfd1
e3 19. fxe3 Rxe3 20. Rab1 Qb6 21. Nxd5 Bxd5 22. Rxd5 Rd3+ 23. Kh1 Rxd5 {
0-1 (23) Metelev,M-Maiti,M (1459) Al Ain 2013}) 11... h6 12. Bxf6 Bxf6 13. Qd2
Rb8 14. Rab1 Bd7 15. b3 Qc7 16. Ne2 Rfe8 17. Ng3 Bc3 18. Qe3 Bxe1 19. Rxe1 Bb5
20. Nh5 Bxd3 21. cxd3 Qe7 22. Qe5 Qg5 23. Qe2 g6 24. Ng3 Rbc8 25. d4 Rc1 26.
Rxc1 Qxc1+ 27. Nf1 Rc8 28. g3 Qb1 29. Kg2 Rc2 30. Qf3 Rxa2 31. h4 Qe4 32. Qxe4
dxe4 33. Ne3 Rb2 34. g4 Rxb3 35. Nd1 a5 36. Kf1 a4 37. Ke1 a3 38. Kd2 Rd3+ 39.
Kc2 Rxd1 40. Kb3 Rxd4 41. Kxa3 Rd2 0-1